[Event "World ol U16"]
[Site "Eindhoven"]
[Date "2023.08.18"]
[Round "9.23"]
[White "Simpson, Michael"]
[Black "Huang, Zi Chen"]
[Result "1-0"]
[WhiteElo "2069"]
[BlackElo "1518"]
[PlyCount "41"]
[EventDate "2023.08.13"]
[EventType "team-swiss"]
[EventRounds "9"]
[EventCountry "NED"]
[SourceTitle "CBM 215 Extra"]
[Source "ChessBase"]
[SourceDate "2023.09.30"]
[SourceVersion "1"]
[SourceVersionDate "2023.09.30"]
[SourceQuality "1"]
[WhiteTeam "South Africa"]
[BlackTeam "Chinese Taipei"]
[WhiteTeamCountry "RSA"]
[BlackTeamCountry "TPE"]

1. a3 d5 2. Nf3 g6 3. e3 Bg7 4. c4 c6 5. d4 Nf6 6. Nc3 0-0 7. Be2 e6 8. 0-0 Nbd7 9. Qc2 Re8 10. Rd1 a6 11. e4 Nxe4 12. Nxe4 dxe4 13. Qxe4 Nf6 14. Qh4 b5 15. Ne5 Bb7 16. Bg5 h6 17. Bxh6 Nd7 18. Qf4 Rf8 19. Rd3 g5 20. Bxg5 f6 21. Qg4 1-0

[Event "World ol U16"]
[Site "Eindhoven"]
[Date "2023.08.15"]
[Round "5.27"]
[White "Huang, Zi Chen"]
[Black "Mwase, Arthur"]
[Result "0-1"]
[WhiteElo "1518"]
[BlackElo "1683"]
[PlyCount "76"]
[EventDate "2023.08.13"]
[EventType "team-swiss"]
[EventRounds "9"]
[EventCountry "NED"]
[SourceTitle "CBM 215 Extra"]
[Source "ChessBase"]
[SourceDate "2023.09.30"]
[SourceVersion "1"]
[SourceVersionDate "2023.09.30"]
[SourceQuality "1"]
[WhiteTeam "Chinese Taipei"]
[BlackTeam "Uganda"]
[WhiteTeamCountry "TPE"]
[BlackTeamCountry "UGA"]

1. e4 c6 2. d4 d5 3. e5 Bf5 4. Nf3 e6 5. Be2 c5 6. c3 Nd7 7. 0-0 Ne7 8. Be3 Nc6 9. Nbd2 cxd4 10. cxd4 Be7 11. a3 0-0 12. b4 a6 13. Nb3 b5 14. Ne1 f6 15. g4 Bg6 16. f4 fxe5 17. fxe5 Rxf1+ 18. Bxf1 Nb6 19. Nf3 Nc4 20. Bf2 Qf8 21. Be2 Qf4 22. h3 h5 23. Nh4 Be4 24. Qc1 Qf7 25. Bg3 g5 26. Ng2 h4 27. Bf2 Rf8 28. Be3 Qg6 29. Bxc4 dxc4 30. Nc5 Bxg2 31. Kxg2 Bxc5 32. bxc5 Qe4+ 33. Kg1 Nxd4 34. Bxd4 Qxd4+ 35. Kh1 Qe4+ 36. Kg1 Qxe5 37. Qc2 Qxa1+ 38. Kh2 Qe5+ 0-1